000 00810nam a2200241 a 4500
001 64097
003 BD-RjUL
005 20211209081254.0
008 780710s1923 ii 001 0 eng d
035 _a(BD-RjUL)64227
040 _aBD-RjUL
_cBD-RjUL
_dBD-RjUL
_beng
041 _aeng
082 _223
_a382.4254
_bKHE 1923
100 1 _aKhan, Shafaʾat Ahmad,
_d1893-1947.
_9190372
245 1 4 _aThe East India trade in the XVIIth century in its political and economic aspects /
_cby Shafaat Ahmad Khan.
260 _bNew Delhi :
_aS. Chand & Co.,
_c[1923 ?]
300 _avii, 325 p. ;
_c23 cm.
500 _aIncludes index
610 2 0 _aEast India Company.
_9170596
651 0 _aEast Indies
_xCommerce
_zGreat Britain.
_9190373
651 0 _aGreat Britain
_xCommerce
_zEast Indies.
_9190374
942 _2ddc
_cBK
999 _c64097
_d64097